000 00226nam a2200085 4500
001 1254897
005 20251128140325.0
245 _aELEKTRİK,MIKNATIS,SES VE KALDIRMA KUVVETİ
_cPOPÜLER BİLİM KİTAPLARI
260 _bİLETİŞİM
999 _c1254897
_d1254897